Horizontal well simulation with local grid refinement /

Bibliographic Details
Main Author: Zhao, Liyan
Other Authors: Blasingame, T. A. (degree committee member.), Piper, L. D. (degree committee member.), Allen, G. D. (degree committee member.)
Format: Thesis Book
Language:English
Published: 1994.
Subjects:
Online Access:Link to ProQuest copy
Link to OAKTrust copy
ProQuest, Abstract

MARC

Tag First Indicator Second Indicator Subfields
LEADER 00000ctm a2200000Ia 4500
001 in00001231921
005 20210125085312.0
008 950810s1994 xx a bm 000 0 eng d
035 |a (OCoLC)ocm32950069 
035 |9 AGT9325AM 
035 |a (OCoLC)32950069 
040 |a TXA  |b eng  |c TXA  |d OCLCQ  |d IXA  |d OCLCQ  |d OCLCO  |d OCLCQ  |d TXA  |d UtOrBLW 
049 |a TXAM 
050 4 |a TN871.25  |b .Z43 1994 
099 |a 1994  |a Dissertation  |a Z6381 
100 1 |a Zhao, Liyan.  |0 http://id.loc.gov/authorities/names/n88040681 
245 1 0 |a Horizontal well simulation with local grid refinement /  |c by Liyan Zhao. 
264 1 |c 1994. 
300 |a xv, 185 leaves :  |b illustrations ;  |c 28 cm 
336 |a text  |b txt  |2 rdacontent 
337 |a unmediated  |b n  |2 rdamedia 
338 |a volume  |b nc  |2 rdacarrier 
504 |a Includes bibliographical references. 
500 |a Vita. 
502 |b Ph. D.  |c Texas A & M University  |d 1994 
500 |a "Major subject: Petroleum Engineering." 
520 3 |a Horizontal wells are more and more important because they offer solutions to the problem of producing oil and gas in resevoir where conventional technology may fail. Some examples are thin reservoirs, reservoirs with gas or water coning problems, reservoirs with natural fractures, reservoirs with low permeability and high anisotropy, and servoirs with poor sweep efficiency. The specific requirement of simulating horizontal wells is to have more detail (fine gridblocks) in the vicinity of horizontal wellbores of regiions of interest. Though it can be done by simulators with conventional gridding technique, unnecessary gridblocks must be introduced because the technique requires the gridlines to be extended all the way to external boundaries of the reservoir. This problem can be avoided by local grid refinement is not banded. A special mathematical technique, called domain decomposition must be introduced to solve this non-banded matrix. In this research, a fully implicit, three-dimensional, three-phase black-oil reservoir simulator has been developed. It can be used for simulating both vertical and horizontal wells. The cartesian local grid refinement has been developed and incorporated into the simulator. Three domain decomposition techniques for reservoir level domain decomposition have been proposed. These techniques are (1) solution extrapolation; (2) Dirichlet-Neuman boundary conditions and (3) preconditioned generalized conjugate gradient approach. The simulator developed for this research has been validated by numerous test cases. The simulation results indicate that the simulator is highly competitive with most commercial simulators in terms of accuracy, speed and efficiency. The simulation results also indicate that: (1) Solution extrapolation improves the initial estimate of Newton-Raphson method. It not only reduces number of Newton iterations and number of timesteps, but number of domain iterations as well. (2) Dirichlet-Neuman boundary conditions reduce the overall material balance by at least two orders of magnitude compared with Dirichlet-Dirichlet boundary conditions. (3) The preconditioned generalized conjugate gradient approach reduces number of domain iterations in most cases. However, it is sensitive to the difficulty of the simulated problem. 
650 0 |a Oil reservoir engineering  |x Mathematical models.  |0 http://id.loc.gov/authorities/subjects/sh2010104284 
650 0 |a Horizontal oil well drilling  |x Mathematical models. 
650 4 |a Major petroleum engineering. 
655 7 |a Academic theses.  |2 lcgft  |0 http://id.loc.gov/authorities/genreForms/gf2014026039 
700 1 |a Wattenbarger, R. A.,  |e degree supervisor. 
700 1 |a Blasingame, T. A.,  |e degree committee member. 
700 1 |a Piper, L. D.,  |e degree committee member. 
700 1 |a Allen, G. D.,  |e degree committee member. 
710 2 |a Texas A & M University,  |e degree granting institution.  |0 http://id.loc.gov/authorities/names/n80125885 
856 4 1 |u http://gateway.proquest.com/openurl?url_ver=Z39.88-2004&rft_val_fmt=info:ofi/fmt:kev:mtx:dissertation&res_dat=xri:pqm&rft_dat=xri:pqdiss:9506741  |z Link to ProQuest copy  |t 0 
856 4 1 |u http://hdl.handle.net/1969.1/Dissertations-1491503  |z Link to OAKTrust copy  |t 0 
856 4 2 |3 ProQuest, Abstract  |u http://proxy.library.tamu.edu/login?url=http://proquest.umi.com/pqdweb?did=741325461&sid=1&Fmt=2&clientId=2945&RQT=309&VName=PQD  |t 0 
994 |a C0  |b TXA 
999 f f |s a634bfe0-6390-3f8e-9006-6f914cce339b  |i a62c9101-502f-3c82-a0c5-ff6c88e05cfb  |t 0 
952 f f |p noncirc  |a Texas A&M University  |b J.J. Pickle Campus  |c High Density Repository  |s HDR  |d Remote Storage  |t 0  |e 1994 Dissertation Z6381  |h Other scheme  |i unmediated -- volume  |m A14841044280 
952 f f |a Texas A&M University  |b College Station  |c Electronic Resources  |s www_evans  |d Available Online  |t 0  |e 1994 Dissertation Z6381  |h Other scheme 
998 f f |a 1994 Dissertation Z6381  |t 0  |l Available Online 
998 f f |a 1994 Dissertation Z6381  |t 0  |l Remote Storage